书目信息 |
| 题名: |
文学概论讲述
|
|
| 作者: | 姜亮夫 著 | |
| 分册: | ||
| 出版信息: | 昆明 云南人民出版社 2000 |
|
| 页数: | 401页 | |
| 开本: | 21cm | |
| 丛书名: | 姜亮夫著作选本 | |
| 单 册: | ||
| 中图分类: | I0 | |
| 科图分类: | ||
| 主题词: | 文学理论 | |
| 电子资源: | ||
| ISBN: | 7-222-02918-4 | |
| 000 | 00603nam0 2200217 45 | |
| 001 | 0311070094 | |
| 005 | 20031219104121.1 | |
| 010 | @a7-222-02918-4@dCNY26.00 | |
| 100 | @a20031107d2000 km y0chiy0120 ea | |
| 101 | 0 | @achi |
| 105 | @a z 000yy | |
| 200 | 1 | @a文学概论讲述@AWen Xue Gai Lun Jiang Shu@f姜亮夫著@FJiang Liang Fu Zhu |
| 210 | @a昆明@c云南人民出版社@d2000 | |
| 215 | @a401页@d21cm | |
| 225 | @a姜亮夫著作选本 | |
| 410 | @12001 @a姜亮夫著作选本 | |
| 606 | 0 | @a文学理论 |
| 690 | @aI0@v4 | |
| 701 | 0 | @a姜亮夫@4著 |
| 801 | @aCN@bTSTC@c20031107 | |
| 905 | @a213230@b327691-692@dI0@f2@e235 | |
| 文学概论讲述/姜亮夫著.-昆明:云南人民出版社,2000 |
| 401页;21cm.-(姜亮夫著作选本) |
| ISBN 7-222-02918-4:CNY26.00 |
| ● |
| 相关链接 |
|
|
|
|
正题名:文学概论讲述
索取号:I0/235
 
预约/预借
| 序号 | 登录号 | 条形码 | 馆藏地/架位号 | 状态 | 备注 |
| 1 | 0327691 | 203276917 | 第二借阅区/ [索取号:I0/235] | 在馆 | |
| 2 | 0327692 | 203276926 | 第一样本阅览室/ [索取号:I0/235] | 在馆 |